Pedagogénne príčiny stresu učiteľov základných a stredných škôl

Hlavné zdroje stresu učiteľov základných a stredných škôl z hľadiska pedagogiky, ktoré priamo súvia s prácou učiteľa v škole a vyplývajú zo školského systému.

Enregistré dans:
Détails bibliographiques
Auteur principal: Čonková, Andrea, 1982-
Format: Chapitre de livre
Langue:slovaque
Sujets:
Tags: Ajouter un tag
Pas de tags, Soyez le premier à ajouter un tag!

MARC

LEADER 00000naa a2200000 4500
001 0207026
005 20240502073435.4
041 0 |a slo 
044 |a SK 
245 1 0 |a Pedagogénne príčiny stresu učiteľov základných a stredných škôl  |c Andrea Čonková 
520 |a Hlavné zdroje stresu učiteľov základných a stredných škôl z hľadiska pedagogiky, ktoré priamo súvia s prácou učiteľa v škole a vyplývajú zo školského systému. 
610 2 0 |a školstvo 
610 2 0 |a školy základné 
610 2 0 |a školy stredné 
610 2 0 |a pedagogika 
610 2 0 |a učitelia 
610 2 0 |a vyučovanie 
610 2 0 |a náročnosť profesionálna 
610 2 0 |a podmienky pracovné 
100 1 |a Čonková, Andrea, 1982-